000 01030cam a2200289 i 4500
001 36899
003 Mx-PuUPA
005 20240214130141.0
008 140415s2018 mx ad gr 000 0 spa d
020 _a9786078552801
040 _cMx-PuUPA
_aMx-PuUPA
_bspa
_dMx-PuUPA
_erda
041 0 _aspa
100 1 _aTapia Iturriaga, Carmen Karina,
_99619
_eautor
245 1 0 _aCómo entender finanzas :
_bsin ser financiero /
_cCarmen Karina Tapia Iturriaga, Jorge Arturo Jiménez Sierra
264 1 _aCiudad de México :
_bInstituto Mexicano de Contadores Publicos,
_c©2018
300 _a175 páginas :
_bilustraciones, diagramas, tablas ;
_c19 cm
336 _2rdacontent
_atexto
_btxt
337 _2rdamedia
_asin medio
_bn
338 _2rdacarrier
_avolumen
_bnc
490 0 _aPara todos
650 7 _2armarc
_aFinanzas
650 7 _2armarc
_aAdministración financiera
700 1 _aJiménez Sierra, Jorge Arturo,
_eautor
942 _2ddc
_cLI
_h658.15
_iT172
999 _c36899
_d36899